[Event "Titled Tue 27th May Early"]
[Site "chess.com INT"]
[Date "2025.05.27"]
[Round "3"]
[White "Mata Gonzalez, Jose Fernando"]
[Black "Mica, Marek"]
[Result "0-1"]
[WhiteTitle "CM"]
[BlackTitle "FM"]
[WhiteElo "2164"]
[BlackElo "2372"]
[WhiteFideId "5107423"]
[BlackFideId "382884"]
[EventDate "2025.05.27"]

1. e4 e6 2. d4 d5 3. e5 c5 4. c3 Nc6 5. Nf3 Bd7 6. Bd3 cxd4 7. cxd4 Qb6 8. O-O
Nxd4 9. Ng5 Ne7 10. Be3 Nec6 11. Nc3 Be7 12. Kh1 Qd8 13. Qh5 g6 14. Qh6 Bf8 15.
Qh3 Bg7 16. f4 h6 17. Nf3 Nxf3 18. Qxf3 d4 19. Nb5 dxe3 20. Nd6+ Kf8 21. Qxe3
Ne7 22. Nxb7 Qb6 23. Nc5 Bc6 24. Rac1 Rd8 25. Be4 Bxe4 26. Qxe4 Nd5 27. Rfd1 Kg8
28. a3 Kh7 29. b4 a5 30. bxa5 Qxa5 31. a4 Rc8 32. Nd7 Rxc1 33. Rxc1 Rd8 34. Nc5
Rc8 35. Qd4 Bf8 36. f5 gxf5 37. h3 Rxc5 38. Rxc5 Qxc5 39. Qh4 Qc1+ 40. Kh2 Qf4+
41. Qxf4 Nxf4 42. a5 Bc5 43. a6 Nd5 44. Kg3 Nb4 45. Kh4 Nxa6 46. g4 fxg4 47.
hxg4 Kg6 48. Kg3 Bd4 49. Kh3 Bxe5 50. Kh4 Nc5 51. Kh3 Ne4 52. Kh4 Bf6+ 53. Kh3
Bg5 54. Kg2 h5 55. Kf3 h4 56. Kg2 Nc3 57. Kh3 f5 58. Kg2 fxg4 59. Kh2 Bf4+ 60.
Kg2 h3+ 61. Kf2 g3+ 62. Kg1 Be3+ 63. Kh1 g2+ 64. Kh2 g1=Q+ 65. Kxh3 Ne4 66. Kh4
Qg3# 0-1

[Event "Titled Tue 27th May Early"]
[Site "chess.com INT"]
[Date "2025.05.27"]
[Round "3"]
[White "Kislinsky, Alexey"]
[Black "Idani, Pouya"]
[Result "0-1"]
[WhiteTitle "GM"]
[BlackTitle "GM"]
[WhiteElo "2350"]
[BlackElo "2630"]
[WhiteFideId "14108801"]
[BlackFideId "12510130"]
[EventDate "2025.05.27"]

1. e4 c5 2. Nf3 d6 3. Bb5+ Bd7 4. a4 Qc7 5. Nc3 e6 6. O-O a6 7. Bxd7+ Nxd7 8.
Re1 Be7 9. d3 Ngf6 10. Bf4 Ne5 11. Bxe5 dxe5 12. h3 b6 13. Qc1 Nd7 14. Nd1 Nb8
15. Ne3 Nc6 16. Nc4 f6 17. c3 Rd8 18. Qc2 O-O 19. Red1 Rd7 20. Ne3 Bd8 21. Qb3
Re8 22. Rac1 Qb7 23. Nc4 Bc7 24. Ne3 Rdd8 25. Rd2 b5 26. axb5 axb5 27. Rcd1 Ba5
28. Ra1 Ra8 29. Rdd1 Rab8 30. Qc2 Bb6 31. Qb3 Bc7 32. Qc2 Rbd8 33. Qb3 g6 34.
Ng4 Kg7 35. Qc2 f5 36. Ne3 Ne7 37. Ra2 Ra8 38. Rda1 Rxa2 39. Rxa2 h6 40. Qb3 Ng8
41. exf5 gxf5 42. Qc2 Nf6 43. Ra1 Kf7 44. Kf1 e4 45. dxe4 Nxe4 46. Rd1 Bf4 47.
Ke2 Qc7 48. Qd3 c4 49. Qd7+ Re7 50. Qxc7 Rxc7 51. Nd4 Rb7 52. g3 Bg5 53. h4 Bf6
54. Nf3 b4 55. cxb4 c3 56. Rc1 cxb2 57. Re1 Rxb4 58. Kd3 b1=Q+ 0-1

[Event "Titled Tue 27th May Early"]
[Site "chess.com INT"]
[Date "2025.05.27"]
[Round "3"]
[White "Eljanov, Pavel"]
[Black "Piesik, Piotr"]
[Result "1-0"]
[WhiteTitle "GM"]
[BlackTitle "IM"]
[WhiteElo "2668"]
[BlackElo "2436"]
[WhiteFideId "14102951"]
[BlackFideId "1136194"]
[EventDate "2025.05.27"]

1. d4 Nf6 2. Nf3 e6 3. Bf4 c5 4. e3 b6 5. Nc3 Bb7 6. Nb5 Nd5 7. Nd6+ Bxd6 8.
Bxd6 cxd4 9. Qxd4 Nf6 10. Bd3 Nc6 11. Qh4 Ne7 12. O-O Bxf3 13. gxf3 Ng6 14. Qb4
Nd5 15. Qg4 Qf6 16. Be4 Rc8 17. c3 Rc6 18. Ba3 Ne5 19. Qg3 Nc4 20. Bxd5 exd5 21.
Bb4 a5 22. b3 axb4 23. bxc4 dxc4 24. cxb4 O-O 25. Rfd1 c3 26. Rac1 c2 27. Rd4
Qe6 28. Qg4 Qxa2 29. Qxd7 Rcc8 30. Rg4 Qb2 31. Qd2 Rfd8 32. Rd4 Rxd4 33. exd4 h6
34. d5 Qb1 35. d6 Rd8 36. Qxc2 Qxc2 37. Rxc2 Rxd6 38. Rc8+ Kh7 39. Rb8 Kg6 40.
Rb7 Rf6 41. Kg2 Kf5 42. Kg3 Ke5 43. f4+ Kd5 44. Rc7 Kd4 45. b5 Kd5 46. Kf3 g5
47. Kg3 Rxf4 48. Rc6 h5 49. Rxb6 Kc5 50. Rb7 h4+ 51. Kg2 Rb4 52. Rxf7 Rxb5 53.
Rf5+ Kc4 54. Rxb5 Kxb5 55. Kf3 Kc5 56. Kg4 Kd5 57. Kxg5 Ke4 58. f4 h3 59. Kg4
Ke3 60. f5 1-0

[Event "Titled Tue 27th May Early"]
[Site "chess.com INT"]
[Date "2025.05.27"]
[Round "3"]
[White "Medhus, Vitus Bondo"]
[Black "Principe, Gerson"]
[Result "1-0"]
[WhiteTitle "FM"]
[BlackTitle "FM"]
[WhiteElo "2384"]
[BlackElo "2176"]
[WhiteFideId "1462547"]
[BlackFideId "3804550"]
[EventDate "2025.05.27"]

1. d4 Nf6 2. Nc3 d5 3. Bf4 e6 4. Nb5 Na6 5. e3 c6 6. Nc3 Nb8 7. Nf3 Bd6 8. Ne5
O-O 9. Bd3 Ne8 10. Qh5 f5 11. g4 Nf6 12. Qh3 Bxe5 13. dxe5 Ne4 14. Bxe4 fxe4 15.
O-O-O Qe7 16. g5 Nd7 17. Rhg1 b5 18. g6 h6 19. Bxh6 Rf3 20. Qh5 gxh6 21. g7 Rf7
22. Qxh6 Rxg7 23. Rxg7+ Qxg7 24. Qxe6+ Kh8 25. Qxc6 Nb6 26. Ne2 Bd7 27. Qd6 Rg8
28. b3 Qg6 29. Qxg6 Rxg6 30. Nf4 Rh6 31. Nxd5 Bg4 32. Rd4 Nxd5 33. Rxd5 a6 34.
Rd8+ Kg7 35. Ra8 Re6 36. c4 bxc4 37. bxc4 Kg6 38. Kc2 Kf5 39. Kc3 Kxe5 40. Rc8
Rf6 41. Rc5+ Kd6 42. Ra5 Kc7 43. Kd4 Rxf2 44. Kxe4 Bf3+ 45. Kd4 Bb7 46. h4 Rh2
47. h5 Rh4+ 48. Kc3 Rh3 49. Re5 Kd6 50. Kd4 Rh4+ 51. e4 Rh2 52. c5+ Kc7 53. Re7+
Kc6 54. Re6+ Kc7 55. h6 Rxa2 56. h7 Rh2 57. Re7+ Kc6 58. Ke5 Rh6 59. Re6+ Rxe6+
60. Kxe6 1-0

[Event "Titled Tue 27th May Early"]
[Site "chess.com INT"]
[Date "2025.05.27"]
[Round "3"]
[White "Vlassov, Nikolai"]
[Black "Kawka, Milena"]
[Result "1-0"]
[WhiteTitle "IM"]
[BlackTitle "WCM"]
[WhiteElo "2291"]
[BlackElo "2004"]
[WhiteFideId "4103360"]
[BlackFideId "21095167"]
[EventDate "2025.05.27"]

1. e4 c5 2. c3 Nf6 3. e5 Nd5 4. d4 cxd4 5. cxd4 d6 6. Bc4 dxe5 7. dxe5 Be6 8.
Nc3 Nxc3 9. Qxd8+ Kxd8 10. Bxe6 fxe6 11. bxc3 Nc6 12. Nf3 h6 13. h4 g6 14. Bf4
Kc7 15. O-O-O Bg7 16. Rh3 Rhf8 17. Bh2 Bh8 18. Rg3 Rg8 19. Rg4 Raf8 20. Bg3 Rf7
21. Nd4 Nxd4 22. Rgxd4 g5 23. h5 Rf5 24. Rd7+ Kc8 25. Rxe7 Bxe5 26. Bxe5 Rxe5
27. Rdd7 Rc5 28. Kc2 Rf8 29. f3 g4 30. fxg4 Rf2+ 31. Kb3 Rb5+ 32. Kc4 a6 33.
Rc7+ Kb8 34. a4 Rf4+ 35. Kd3 Rd5+ 36. Ke3 Rxg4 37. Rxb7+ Kc8 38. Rec7+ Kd8 39.
Rh7 Kc8 40. Ra7 Kb8 41. Rxa6 Re5+ 42. Kf3 Rgg5 43. Rxh6 Ref5+ 44. Ke4 Re5+ 45.
Kd4 Rd5+ 46. Kc4 Rc5+ 47. Kb4 Rcd5 48. Raxe6 Rg4+ 49. c4 Rd1 50. Re7 Rb1+ 51.
Kc5 Rg5+ 52. Kd4 Rg4+ 53. Kd3 Rg3+ 54. Kc2 Rf1 55. Rh8+ 1-0

[Event "Titled Tue 27th May Early"]
[Site "chess.com INT"]
[Date "2025.05.27"]
[Round "3"]
[White "Barwinska, Ewa"]
[Black "Sheremetev, Vladislav"]
[Result "0-1"]
[WhiteTitle "WFM"]
[BlackTitle "CM"]
[WhiteElo "2014"]
[BlackElo "2160"]
[WhiteFideId "21833761"]
[BlackFideId "54188300"]
[EventDate "2025.05.27"]

1. d4 Nf6 2. c4 e6 3. Nc3 Bb4 4. Bd2 O-O 5. g3 d5 6. cxd5 exd5 7. Bg2 c6 8. e3
Bf5 9. Nge2 Nbd7 10. O-O Re8 11. a3 Bf8 12. Nf4 Ne4 13. Nxe4 Bxe4 14. Qb3 Qb6
15. Qxb6 axb6 16. f3 Bg6 17. Nxg6 hxg6 18. Kf2 b5 19. Rfe1 Ra4 20. Bc3 Rea8 21.
Rac1 b4 22. axb4 Bxb4 23. e4 Bxc3 24. bxc3 Ra2+ 25. Re2 Rxe2+ 26. Kxe2 Ra2+ 27.
Kf1 Nb6 28. Kg1 Nc4 29. f4 dxe4 30. Bxe4 f5 31. Bd3 Nd2 32. Rc2 Rxc2 33. Bxc2
Kf8 34. Kf2 Ke7 35. Ke2 Nc4 36. Bd3 Nd6 37. Ke3 b5 38. h3 Ke6 39. g4 Kd5 40. Be2
c5 41. Bf3+ Kc4 42. dxc5 Kxc5 43. Kd3 Nc4 44. h4 Nb2+ 45. Kc2 Nc4 46. Kd3 Nd6
47. h5 gxh5 48. gxh5 Ne8 49. Ke3 Nf6 50. Be2 Nd5+ 51. Kf3 Nxc3 52. Bd3 Ne4 53.
Bxe4 fxe4+ 54. Kxe4 Kd6 55. f5 Ke7 56. Kd5 Kf6 57. Ke4 b4 58. Kd4 Kxf5 59. Kc4
Kg5 60. Kxb4 Kxh5 61. Kc3 Kh4 62. Kd3 Kh3 63. Ke3 g5 64. Kf3 g4+ 65. Kf2 0-1

[Event "Titled Tue 27th May Early"]
[Site "chess.com INT"]
[Date "2025.05.27"]
[Round "3"]
[White "Fernandez, Michael"]
[Black "Belov, Alexei"]
[Result "1/2-1/2"]
[WhiteTitle "FM"]
[BlackTitle "IM"]
[WhiteElo "2226"]
[BlackElo "2421"]
[WhiteFideId "5803560"]
[BlackFideId "4128206"]
[EventDate "2025.05.27"]

1. e4 e6 2. d4 d5 3. Nc3 Nf6 4. e5 Nfd7 5. f4 c5 6. Nf3 Nc6 7. Be3 Qb6 8. h4
cxd4 9. Nxd4 Bc5 10. Na4 Qa5+ 11. c3 Bxd4 12. Bxd4 Nxd4 13. Qxd4 b6 14. h5 h6
15. Rh3 Ba6 16. Bxa6 Qxa6 17. b3 Rc8 18. Rg3 O-O 19. f5 exf5 20. Kf2 Nc5 21.
Nxc5 bxc5 22. Qxd5 Rfd8 23. Qf3 Rd2+ 24. Kg1 Qe6 25. Rf1 Qxe5 26. Qxf5 Qxf5 27.
Rxf5 Rxa2 28. Rf4 Rb2 29. Rfg4 Kf8 30. Rxg7 Ke7 31. Rf3 Rf8 32. Rh7 Rxb3 33.
Rxh6 Rb6 34. Rxb6 axb6 35. Re3+ Kd6 36. Kf2 Kd5 37. Re7 b5 38. Rb7 Kc4 39. g4
Rg8 40. Kf3 f5 41. gxf5 Rg5 42. Kf4 Rxh5 43. f6 Rh6 44. Kg5 Rxf6 45. Kxf6 b4 46.
cxb4 cxb4 47. Ke5 b3 48. Ke4 Kc3 49. Rc7+ Kd2 50. Rb7 Kc2 51. Rc7+ Kd2 52. Rd7+
Kc2 53. Ke3 b2 54. Rc7+ Kd1 55. Rb7 Kc2 56. Rc7+ Kd1 57. Rh7 b1=Q 58. Rh1+ Kc2
59. Rxb1 Kxb1 1/2-1/2

[Event "Titled Tue 27th May Early"]
[Site "chess.com INT"]
[Date "2025.05.27"]
[Round "3"]
[White "Barrientos, Ernesto"]
[Black "Yushko, Olga"]
[Result "1-0"]
[WhiteTitle "CM"]
[BlackTitle "WFM"]
[WhiteElo "2027"]
[BlackElo "2036"]
[WhiteFideId "3701247"]
[BlackFideId "14114500"]
[EventDate "2025.05.27"]

1. Nf3 Nf6 2. b3 e6 3. Bb2 d5 4. e3 c5 5. c4 Nc6 6. a3 Be7 7. g4 O-O 8. g5 Ne4
9. h4 d4 10. Qc2 Nd6 11. e4 e5 12. d3 Bg4 13. Nbd2 f5 14. gxf6 Bxf6 15. Be2 Ne7
16. O-O-O Ng6 17. Rdg1 Be6 18. Ng5 Bxg5 19. hxg5 Rxf2 20. Qd1 Nf4 21. Bg4 Nxd3+
22. Kb1 Bxg4 23. Qxg4 Rxd2 24. Qe6+ Nf7 25. g6 Rxb2+ 26. Ka1 Qf6 27. gxf7+ Qxf7
28. Rxg7+ Kxg7 29. Rxh7+ Kxh7 30. Qxf7+ Kh6 31. Qf6+ Kh5 32. Qf3+ Kg5 33. Qg3+
Kh5 34. Qxd3 Rh2 35. Qf3+ Kh4 36. Qf6+ Kh3 37. Qf5+ Kg2 38. a4 Rah8 39. Ka2 Kg3+
40. Ka3 Rh1 41. Qxe5+ Kf3 42. Qxc5 Kxe4 43. Qd5+ Kd3 44. Qf3+ Kd2 45. Kb4 b6 46.
Qf2+ Kd3 47. Qg3+ Kc2 48. Qg2+ Kd3 49. Qf3+ Kd2 50. Qe4 Kc1 51. Qxd4 a5+ 52. Kb5
R1h5+ 53. Ka6 Ra8+ 54. Kb7 Rah8 55. Qe3+ Kc2 56. Qf3 R5h6 57. Ka6 Ra8+ 58. Qxa8
Kxb3 59. Qb8 Kxa4 60. Qe8+ b5+ 61. Kb7 Rh7+ 62. Kb8 Ka3 63. Qxb5 Rh8+ 64. Kc7 a4
65. c5 Rh7+ 66. Kb6 Rh6+ 67. c6 Ka2 68. Qe2+ 1-0

[Event "Titled Tue 27th May Early"]
[Site "chess.com INT"]
[Date "2025.05.27"]
[Round "3"]
[White "Slovineanu, Viacheslav"]
[Black "Miranda Camus, Joaquin Ignacio"]
[Result "1-0"]
[WhiteTitle "IM"]
[BlackTitle "FM"]
[WhiteElo "2412"]
[BlackElo "2196"]
[WhiteFideId "13900510"]
[BlackFideId "3449300"]
[EventDate "2025.05.27"]

1. d4 Nf6 2. Nf3 e6 3. c4 b6 4. e3 Bb7 5. Bd3 g6 6. O-O Bg7 7. b4 a5 8. bxa5
Rxa5 9. a4 O-O 10. Nbd2 d6 11. Nb3 Rh5 12. a5 bxa5 13. Rxa5 Nc6 14. Rxh5 Nxh5
15. Bd2 f5 16. Na5 Nxa5 17. Bxa5 e5 18. dxe5 dxe5 19. Be2 Qe7 20. Qb3 Be4 21.
Nd2 Ba8 22. Bxh5 gxh5 23. e4 Bh6 24. exf5 Qc5 25. Bb4 Qc6 26. Qg3+ Kf7 27. Bxf8
Kxf8 28. Nf3 Bf4 29. Qh3 Qxc4 30. Qxh5 Qf7 31. Qxf7+ Kxf7 32. Re1 Kf6 33. g3
Bxf3 34. gxf4 e4 35. Rc1 Kxf5 36. Rxc7 h5 37. Rf7+ Kg4 38. Rf8 h4 39. f5 Kg5 40.
f6 Kg6 41. Rh8 Kxf6 42. Rxh4 Kf5 43. Rh8 Bg4 44. Rb8 Kg5 45. Kg2 Kf4 46. Rf8+
Kg5 47. Kg3 Bf5 48. Rg8+ Bg6 49. h4+ Kh5 50. Rd8 Kh6 51. Rd5 Kg7 52. Re5 Kf6 53.
Kf4 Bh7 54. Ra5 Bg6 55. Ra6+ Kf7 56. Kg5 e3 57. Ra7+ Ke6 58. fxe3 Be4 59. h5 Ke5
60. h6 Bd5 61. h7 Bg8 62. hxg8=Q 1-0

[Event "Titled Tue 27th May Early"]
[Site "chess.com INT"]
[Date "2025.05.27"]
[Round "3"]
[White "Kriti, Mayur Patel"]
[Black "Marchesich, Giovanni"]
[Result "1-0"]
[WhiteTitle "WCM"]
[BlackTitle "CM"]
[WhiteElo "1695"]
[BlackElo "2219"]
[WhiteFideId "35061780"]
[BlackFideId "2824790"]
[EventDate "2025.05.27"]

1. e4 f6 2. d4 g6 3. Nf3 Nh6 4. Bc4 e6 5. O-O Nf7 6. e5 Bg7 7. Re1 O-O 8. exf6
Qxf6 9. d5 e5 10. Nc3 d6 11. Ne4 Qd8 12. Bg5 Nxg5 13. Nexg5 Bg4 14. Ne6 Bxe6 15.
dxe6 Qe7 16. Qd2 c6 17. Bb3 Na6 18. Rad1 Rad8 19. Ng5 Bh6 20. h4 Bxg5 21. Qxg5
Rfe8 22. Qxe7 Rxe7 23. Rxe5 d5 24. h5 Nc5 25. c4 Nxb3 26. axb3 d4 27. c5 b6 28.
b4 Kg7 29. hxg6 hxg6 30. f4 Kf6 31. Re4 d3 32. Re3 bxc5 33. bxc5 Rb8 34. Rdxd3
Rxb2 35. Rd6 Rb4 36. g3 Kf5 37. Re5+ Kg4 38. Rg5+ Kf3 39. Rd3+ Ke4 40. Rd1 Kf3
41. Rxg6 Rb2 42. Rf1+ Ke4 43. f5 Rh7 44. Rg4+ Kd5 45. Rh4 Rg7 46. g4 Rb4 47. f6
Rgxg4+ 48. Rxg4 Rxg4+ 49. Kh2 Kxe6 50. f7 Rh4+ 51. Kg3 Rh8 52. f8=Q Rxf8 53.
Rxf8 Kd5 54. Rf5+ Kc4 55. Kf3 a5 56. Ke3 Kc3 57. Rf4 Kb3 58. Kd3 a4 59. Rf1 a3
60. Rb1+ Ka2 61. Rb6 Ka1 62. Rxc6 a2 63. Ra6 Kb1 64. Rxa2 1-0

[Event "Titled Tue 27th May Early"]
[Site "chess.com INT"]
[Date "2025.05.27"]
[Round "3"]
[White "Antoniou, Rafail"]
[Black "Chiappero, Julio Alfredo"]
[Result "1/2-1/2"]
[WhiteTitle "CM"]
[BlackTitle "FM"]
[WhiteElo "2134"]
[BlackElo "2238"]
[WhiteFideId "5904390"]
[BlackFideId "139998"]
[EventDate "2025.05.27"]

1. e4 c5 2. c3 Nf6 3. e5 Nd5 4. d4 cxd4 5. Nf3 d6 6. cxd4 e6 7. Bc4 Be7 8. O-O
O-O 9. Qe2 Bd7 10. Bxd5 exd5 11. Nc3 Be6 12. Bf4 Nc6 13. exd6 Bxd6 14. Bxd6 Qxd6
15. h3 Rfe8 16. Qd2 a6 17. Rac1 Na5 18. b3 Rac8 19. Na4 Nc6 20. Nc5 Rc7 21. Rfe1
Rce7 22. Nxe6 Rxe6 23. Rxe6 Qxe6 24. Re1 Qd7 25. Rxe8+ Qxe8 26. Qg5 Qe6 27. Qf4
f6 28. Qc7 Qe7 29. Qc8+ Kf7 30. Qf5 g6 31. Qxd5+ Qe6 32. Qc5 Ne7 33. Qc7 Qc6 34.
Qxc6 Nxc6 35. Kf1 Ke6 36. Ke2 Kd5 37. Ke3 Nb4 38. a4 Nc2+ 39. Kd3 Nb4+ 40. Kc3
Nc6 41. b4 b5 42. axb5 axb5 43. Nh2 h5 44. Nf3 Ke4 45. Nd2+ Kd5 46. Nb3 g5 47.
g3 f5 48. h4 gxh4 49. gxh4 f4 50. f3 Ne7 51. Nc5 Nf5 52. Nd3 Nxd4 53. Nxf4+ Ke5
54. Ng6+ Kd5 55. Ne7+ Ke5 56. f4+ Ke4 57. f5 Nxf5 58. Nxf5 Kxf5 59. Kd4 Kg4 60.
Kc5 Kxh4 61. Kxb5 Kg4 62. Ka6 h4 63. b5 h3 64. b6 h2 65. b7 h1=Q 66. b8=Q Qa1+
67. Kb7 Qb2+ 68. Kc8 Qxb8+ 69. Kxb8 1/2-1/2

[Event "Titled Tue 27th May Early"]
[Site "chess.com INT"]
[Date "2025.05.27"]
[Round "3"]
[White "Troltenier, Dirk"]
[Black "Kochiev, Ivan"]
[Result "0-1"]
[WhiteTitle "FM"]
[BlackTitle "CM"]
[WhiteElo "2174"]
[BlackElo "2138"]
[WhiteFideId "4606400"]
[BlackFideId "2917890"]
[EventDate "2025.05.27"]

1. e4 e5 2. Nf3 d5 3. Nxe5 Nf6 4. d4 Nxe4 5. Be2 Bd6 6. O-O O-O 7. Nd2 Nf6 8.
Ndf3 h6 9. c4 c6 10. c5 Bc7 11. Bd3 b6 12. cxb6 axb6 13. Bf4 c5 14. Bg3 Be6 15.
Re1 Qc8 16. dxc5 bxc5 17. b3 Bf5 18. Qc2 Bxd3 19. Qxd3 Na6 20. a3 Qb7 21. Rac1
Rfe8 22. Red1 Rab8 23. h3 Re6 24. Qc2 Qxb3 25. Nd3 Bxg3 26. fxg3 Ne4 27. Qxb3
Rxb3 28. Nf4 Nxg3 29. Nxe6 Ne2+ 30. Kf1 Nxc1 31. Nxc5 Nxc5 32. Rxc1 Ne4 33. Rc8+
Kh7 34. Rd8 Rb5 35. Nd4 Ra5 36. Nf5 Nf6 37. Ne7 h5 38. h4 g6 39. Rd6 Kg7 40. Rd8
Rxa3 41. Kg1 Ng4 42. Kf1 Ra1+ 43. Ke2 Rg1 44. Kf3 Rf1+ 45. Ke2 Rf2+ 46. Ke1 Rxg2
47. Nxd5 Rh2 48. Kf1 Rxh4 49. Nf4 Rh2 50. Ng2 Rh1+ 51. Ke2 Rg1 52. Ne3 Nxe3 53.
Kxe3 Rg5 54. Kf4 Rf5+ 55. Ke4 Rf6 56. Re8 Re6+ 0-1

[Event "Titled Tue 27th May Early"]
[Site "chess.com INT"]
[Date "2025.05.27"]
[Round "3"]
[White "Martin Fuentes, Alberto"]
[Black "Kozak, Adam"]
[Result "1-0"]
[WhiteTitle "FM"]
[BlackTitle "GM"]
[WhiteElo "2376"]
[BlackElo "2578"]
[WhiteFideId "2292289"]
[BlackFideId "753246"]
[EventDate "2025.05.27"]

1. e4 c5 2. Nc3 a6 3. g3 b5 4. d3 Bb7 5. Bg2 e6 6. Nh3 d5 7. O-O Nf6 8. e5 Nfd7
9. f4 g6 10. g4 h5 11. f5 Nc6 12. fxe6 fxe6 13. Ng5 Qe7 14. Rf7 Qxf7 15. Nxf7
Kxf7 16. Bf4 Ncxe5 17. h3 hxg4 18. hxg4 Bg7 19. Qe2 Rae8 20. Rf1 Kg8 21. a3 Rh7
22. Bg5 Bh8 23. Nd1 Nf7 24. Bd2 e5 25. c4 bxc4 26. dxc4 e4 27. cxd5 Bxd5 28. Nc3
Bc6 29. Be3 Be5 30. Qxa6 Bh2+ 31. Kf2 Nfe5 32. Ke2 Rhe7 33. g5 Ra8 34. Qxa8+
Bxa8 35. Rh1 Ng4 36. Bh3 Nxe3 37. Rxh2 Nc2 38. Bf1 e3 39. Kd3 Nd4 40. Rh3 Ne5+
41. Kxe3 Nc4+ 42. Kd3 Nxb2+ 43. Kd2 Bb7 44. Rh6 Kg7 45. Nb5 Rf7 46. Nxd4 cxd4
47. Bb5 Rf2+ 48. Kc1 Rg2 49. a4 d3 50. Rh4 Bf3 51. Rd4 d2+ 52. Rxd2 Rxd2 53.
Kxd2 Bd5 54. Kc3 Nd1+ 55. Kd4 Ba8 56. a5 Nf2 57. a6 Ne4 58. Bd3 Nxg5 59. Ke5 Kf7
60. a7 Nh7 61. Be4 1-0

[Event "Titled Tue 27th May Early"]
[Site "chess.com INT"]
[Date "2025.05.27"]
[Round "3"]
[White "Dilmukhametov, Artur"]
[Black "Madhesh Kumar S"]
[Result "0-1"]
[WhiteTitle "FM"]
[BlackTitle "CM"]
[WhiteElo "2276"]
[BlackElo "2243"]
[WhiteFideId "24179922"]
[BlackFideId "25168649"]
[EventDate "2025.05.27"]

1. d4 Nf6 2. f3 d5 3. e4 dxe4 4. Nc3 exf3 5. Nxf3 g6 6. Bf4 Bg7 7. Qd2 O-O 8.
O-O-O c6 9. Bh6 Bg4 10. Bc4 Nbd7 11. Bxg7 Kxg7 12. h3 Bxf3 13. gxf3 Nb6 14. Be2
Nbd5 15. Ne4 Qc7 16. Kb1 Qf4 17. Qd3 Qe3 18. Nxf6 exf6 19. Qc4 Nb6 20. Qd3 Qxd3
21. Bxd3 Rfe8 22. h4 Re3 23. f4 f5 24. h5 Nd5 25. hxg6 hxg6 26. Rh4 Rf3 27. Rdh1
Rxf4 28. Rh7+ Kf6 29. c3 Re8 30. Kc2 Rf2+ 31. Kb3 b5 32. Rh8 Re3 33. Bf1 Re1 34.
Bd3 Rxh1 35. Rxh1 Rd2 36. Bf1 Ne3 37. Bh3 Nc4 38. Kb4 Rxb2+ 39. Kc5 Na5 40. Re1
Rxa2 41. Bf1 Ra3 42. Re8 Rxc3+ 43. Kb4 Rc1 44. Kxa5 Rxf1 45. Ra8 Rd1 46. Kb4
Rxd4+ 47. Kc5 Rc4+ 48. Kd6 f4 49. Rxa7 g5 50. Ra3 g4 51. Ra1 f3 52. Rg1 Kf5 53.
Ke7 Kf4 54. Kf6 f2 55. Rh1 g3 56. Kxf7 g2 57. Rh4+ Kf3 58. Rh3+ Kg4 59. Rh2
f1=Q+ 60. Kg7 g1=Q 61. Rh6 Kf3+ 62. Kh7 Qh1 63. Kg7 Qxh6+ 64. Kxh6 Qg2 65. Kh5
Rc1 66. Kh4 Rh1# 0-1

[Event "Titled Tue 27th May Early"]
[Site "chess.com INT"]
[Date "2025.05.27"]
[Round "3"]
[White "Shuvalova, Polina"]
[Black "Martinez Alcantara, Jose Eduardo"]
[Result "0-1"]
[WhiteTitle "IM"]
[BlackTitle "GM"]
[WhiteElo "2494"]
[BlackElo "2611"]
[WhiteFideId "24171760"]
[BlackFideId "3805662"]
[EventDate "2025.05.27"]

1. e4 c5 2. Nf3 d6 3. Bb5+ Nd7 4. O-O a6 5. Bxd7+ Bxd7 6. d4 cxd4 7. Qxd4 Rc8 8.
c4 e5 9. Qd3 Qc7 10. Na3 h6 11. Be3 Nf6 12. h3 Be7 13. Rac1 O-O 14. Rfd1 Qb8 15.
Nb1 b5 16. b3 bxc4 17. bxc4 Be6 18. Nfd2 Qb4 19. Qb3 a5 20. f3 Kh7 21. Kh2 g5
22. a3 Qxb3 23. Nxb3 a4 24. N3d2 Rg8 25. Nc3 h5 26. Nd5 Bd8 27. g4 Nd7 28. Rb1
Kg6 29. Kg2 Nc5 30. Rb4 Nd3 31. Rb7 hxg4 32. hxg4 Rh8 33. Ra7 Rb8 34. Nf1 Nf4+
35. Nxf4+ gxf4 36. Bf2 Bb6 37. Bxb6 Rxb6 38. Rxa4 Rc8 39. Nd2 Rb2 40. Kg1 Kg5
41. Rb4 Ra2 42. a4 Bd7 43. Nf1 Rc6 44. Rd2 Ra3 45. Kg2 Ra6 46. Rb7 Be6 47. Rc7
R3xa4 48. c5 dxc5 49. Rxc5 f6 50. Rc3 Ra1 51. Rcd3 Bc4 52. Nh2 Bxd3 53. Rxd3
R6a2+ 54. Kh3 Rh1 55. Rd2 Raa1 56. Rd8 Kg6 57. Rg8+ Kf7 58. Rh8 Ra2 59. Rh7+ Kg8
60. Rh8+ Kxh8 61. g5 Raxh2+ 62. Kg4 fxg5 0-1

[Event "Titled Tue 27th May Early"]
[Site "chess.com INT"]
[Date "2025.05.27"]
[Round "3"]
[White "Szpar, Milosz"]
[Black "Teterev, Vitaly"]
[Result "0-1"]
[WhiteTitle "IM"]
[BlackTitle "GM"]
[WhiteElo "2475"]
[BlackElo "2258"]
[WhiteFideId "1184989"]
[BlackFideId "13501429"]
[EventDate "2025.05.27"]

1. e4 c5 2. c3 Nf6 3. e5 Nd5 4. Nf3 Nc6 5. d4 cxd4 6. Bc4 Nb6 7. Bb3 d5 8. exd6
Qxd6 9. O-O Be6 10. Na3 dxc3 11. Qe2 Bxb3 12. Nb5 Qb8 13. axb3 e6 14. Ng5 Be7
15. Nxe6 fxe6 16. Qxe6 a6 17. Bg5 axb5 18. Bxe7 Nxe7 19. Rfe1 Qc7 20. Rac1 Rd8
21. Rxc3 Qd6 22. Qe4 O-O 23. h4 Nbd5 24. Rd3 Qg6 25. f3 Nf4 26. Qxg6 Nexg6 27.
Rxd8 Rxd8 28. g3 Nd3 29. Re6 Nxb2 30. h5 Nf8 31. Rb6 Rd7 32. Rxb5 Nd3 33. f4 Ne6
34. Kg2 Nd4 35. Ra5 Nxb3 36. Ra8+ Kf7 37. Rh8 h6 38. Kf3 Ndc5 39. Rb8 Ne6 40.
Ke4 Nbc5+ 41. Ke5 Nd3+ 42. Ke4 Nec5+ 43. Kf3 Re7 44. g4 Ne1+ 45. Kg3 Ncd3 46. g5
Rd7 47. Kg4 Ng2 48. Kf3 Ngxf4 49. gxh6 gxh6 50. Ke4 Re7+ 51. Kf5 Kg7 52. Ra8
Rf7+ 53. Ke4 Nc5+ 54. Kd4 Nce6+ 55. Ke5 Ng5 56. Rb8 Nxh5 57. Kd4 Nf4 58. Ke3 Ng6
59. Kd4 h5 60. Rc8 h4 61. Rc1 h3 62. Kd5 h2 63. Rh1 Rf2 64. Kd4 Rg2 65. Ke3 Nh4 0-1

[Event "Titled Tue 27th May Early"]
[Site "chess.com INT"]
[Date "2025.05.27"]
[Round "3"]
[White "Tahbaz, Arash"]
[Black "Barseghyan, Armen Ar."]
[Result "1/2-1/2"]
[WhiteTitle "IM"]
[BlackTitle "IM"]
[WhiteElo "2462"]
[BlackElo "2348"]
[WhiteFideId "12528846"]
[BlackFideId "13306707"]
[EventDate "2025.05.27"]

1. Nf3 c5 2. g3 Nf6 3. Bg2 g6 4. O-O Bg7 5. c4 O-O 6. Nc3 Nc6 7. d4 cxd4 8. Nxd4
Qa5 9. e3 Ne5 10. Qe2 d6 11. Bd2 Bg4 12. f3 Bd7 13. b3 Rfc8 14. Kh1 Rab8 15. e4
a6 16. a4 Nc6 17. Nc2 Qb6 18. Rab1 Nd4 19. Qf2 e5 20. Be3 Qa5 21. Nxd4 Qxc3 22.
Ne2 Qb4 23. Ba7 Ra8 24. Bb6 Bc6 25. Rfd1 Nd7 26. Be3 Bf8 27. Bd2 Qc5 28. Be3 Qb4
29. Bd2 Qc5 30. Qxc5 Nxc5 31. Nc3 Rab8 32. Be3 b5 33. cxb5 axb5 34. Bxc5 dxc5
35. axb5 Bxb5 36. Nxb5 Rxb5 37. Bf1 Rb7 38. Ba6 Rcb8 39. Bxb7 Rxb7 40. Rd8 Kg7
41. Rc8 h5 42. Kg2 Rd7 43. Rb2 Rd3 44. Kf2 Rc3 45. Ke2 Rc1 46. Rd8 Be7 47. Rd1
Rc3 48. Rd3 Rc1 49. Rd1 Rc3 50. h4 g5 51. hxg5 Bxg5 52. Rd3 Rc1 53. Rd1 Rc3 54.
Rd3 Rc1 55. Ra2 Rg1 56. Kf2 Rc1 57. Ra7 h4 58. gxh4 Bxh4+ 59. Kg2 Kg6 60. Ra6+
f6 61. Ra8 Rc2+ 62. Kh3 Bg5 63. Rg8+ Kf7 64. Rc8 Bf4 65. Kg4 Rg2+ 66. Kh3 Rh2+
67. Kg4 Rg2+ 68. Kh5 Rh2+ 69. Kg4 Rg2+ 1/2-1/2